A time to live : (Запис № 557849)

МАРК-запис
000 -LEADER
fixed length control field 01739cam a2200385 a 4500
001 - CONTROL NUMBER
control field timetolivesevent00rain
003 - CONTROL NUMBER IDENTIFIER
control field CaSfIA
005 - DATE AND TIME OF LATEST TRANSACTION
control field 20210119103037.0
007 - PHYSICAL DESCRIPTION FIXED FIELD--GENERAL INFORMATION
fixed length control field cr||||
008 - FIXED-LENGTH DATA ELEMENTS--GENERAL INFORMATION
fixed length control field 961112s1997 nyu b 000 0 eng
010 ## - LIBRARY OF CONGRESS CONTROL NUMBER
LC control number 96039771
040 ## - CATALOGING SOURCE
Original cataloging agency DLC
Transcribing agency DLC
Modifying agency BAKER
-- BTCTA
-- YDXCP
-- SXC
-- CaSfIA
020 ## - INTERNATIONAL STANDARD BOOK NUMBER
International Standard Book Number 0525942831 (alk. paper)
020 ## - INTERNATIONAL STANDARD BOOK NUMBER
International Standard Book Number 9780525942832 (alk. paper)
035 ## - SYSTEM CONTROL NUMBER
System control number (OCoLC)36017062
050 00 - LIBRARY OF CONGRESS CALL NUMBER
Classification number BF724.85.S45
Item number R35 1997
082 00 - DEWEY DECIMAL CLASSIFICATION NUMBER
Classification number 155.67
Edition number 21
029 1# - (OCLC)
OCLC library identifier YDXCP
System control number 1354508
029 1# - (OCLC)
OCLC library identifier NZ1
System control number 3727550
029 1# - (OCLC)
OCLC library identifier AU@
System control number 000012895103
100 1# - MAIN ENTRY--PERSONAL NAME
Personal name Raines, Robert Arnold.
245 12 - TITLE STATEMENT
Title A time to live :
Medium [electronic resource]
Remainder of title seven tasks of creative aging /
Statement of responsibility, etc Robert Raines.
260 ## - PUBLICATION, DISTRIBUTION, ETC. (IMPRINT)
Place of publication, distribution, etc New York :
Name of publisher, distributor, etc Dutton,
Date of publication, distribution, etc c1997.
300 ## - PHYSICAL DESCRIPTION
Extent 205p. ;
Dimensions 21 cm.
504 ## - BIBLIOGRAPHY, ETC. NOTE
Bibliography, etc Includes bibliographical references (p. [195]-205).
505 0# - FORMATTED CONTENTS NOTE
Formatted contents note Waking up -- Embracing sorrow -- Savoring blessedness -- Re-imagining work -- Nurturing intimacy -- Seeking forgiveness -- Taking on the mystery.
506 ## - RESTRICTIONS ON ACCESS NOTE
Standardized terminology for access restriction Необхідна авторизація на https://archive.org/ (створення облікового запису безкоштовно)
506 ## - RESTRICTIONS ON ACCESS NOTE
Standardized terminology for access restriction Необхідна авторизація на https://openlibrary.org/ (створення облікового запису безкоштовно)
650 #0 - SUBJECT ADDED ENTRY--TOPICAL TERM
Topical term or geographic name as entry element Self-actualization (Psychology) in old age.
650 #0 - SUBJECT ADDED ENTRY--TOPICAL TERM
Topical term or geographic name as entry element Aging
General subdivision Psychological aspects.
650 #0 - SUBJECT ADDED ENTRY--TOPICAL TERM
Topical term or geographic name as entry element Maturation (Psychology)
856 41 - ELECTRONIC LOCATION AND ACCESS
Uniform Resource Identifier <a href="http://www.archive.org/details/timetolivesevent00rain">http://www.archive.org/details/timetolivesevent00rain</a>
Public note Free eBook from the Internet Archive
856 42 - ELECTRONIC LOCATION AND ACCESS
Uniform Resource Identifier <a href="http://www.openlibrary.org/books/OL1000832M">http://www.openlibrary.org/books/OL1000832M</a>
Public note Additional information and access via Open Library
942 ## - ADDED ENTRY ELEMENTS (KOHA)
Koha item type ЕКнига

Немає доступних примірників.